ბათუმის შოთა რუსთაველის სახელმწიფო უნივერსიტეტის ბიბლიოთეკა

Педагогика №10. 2013. (ბიბ.ჩანაწერი № 52363)

000 -LEADER
fixed length control field 00407nam a2200145Ia 4500
001 - CONTROL NUMBER
control field 19383
003 - CONTROL NUMBER IDENTIFIER
control field GE_BSU
008 - FIXED-LENGTH DATA ELEMENTS--GENERAL INFORMATION
fixed length control field 181216s||||||||xx |||||||||||||| ||und||
040 ## - CATALOGING SOURCE
Transcribing agency GE_BSU
245 ## - TITLE STATEMENT
Title Педагогика №10. 2013.
245 ## - TITLE STATEMENT
Remainder of title Научн.-технич. журнал РА образования
245 ## - TITLE STATEMENT
Statement of responsibility, etc. Гл. ред. Р.С.Бозиев
653 ## - INDEX TERM--UNCONTROLLED
Uncontrolled term Педагогика
942 ## - ADDED ENTRY ELEMENTS (KOHA)
Koha item type პერიოდიკა

არაა ხელმისაწვდომი ეგზემპლარები.